Κατάλογος Βιβλιοθηκών Mediterranean College

Ψυκτικές Εγκαταστάσεις Ι. (Record no. 2355)

MARC details
000 -LEADER
fixed length control field 02093cam a22002054a 4500
005 - ΗΜΕΡΟΜΗΝΙΑ ΚΑΙ ΩΡΑ ΤΕΛΕΥΤΑΙΑΣ ΕΝΗΜΕΡΩΣΗΣ
Πεδίο ελέγχου 20250605164038.0
008 - FIXED-LENGTH DATA ELEMENTS--GENERAL INFORMATION
Πεδίο ελέγχου σταθερού μήκους 250528s ||||||||||||||||||||||||d
035 ## - SYSTEM CONTROL NUMBER
System control number 16905
020 ## - ISBN
ISBN 9604055976
040 ## - ΠΗΓΗ ΚΑΤΑΛΟΓΟΓΡΑΦΗΣΗΣ
Φορέας πρωτότυπης καταλογογράφησης MC Athens Campus Library
Γλώσσα καταλογογράφησης Ελληνικά, Μοντέρνα (1453-)
Modifying agency MC Athens Campus Library
Κανόνες περιγραφικής καταλογογράφησης AACR2
245 1# - ΤΙΤΛΟΣ ΚΑΙ ΔΗΛΩΣΗ ΥΠΕΥΘΥΝΟΤΗΤΑΣ
Τίτλος Ψυκτικές Εγκαταστάσεις Ι.
Number of part/section of a work Α' Τόμος: Τρίτη Έκδοση
260 ## - PUBLICATION, DISTRIBUTION, ETC.
Name of publisher, distributor, etc. Ίων,
Date of publication, distribution, etc. 1994
300 ## - PHYSICAL DESCRIPTION
Extent 298
520 ## - SUMMARY, ETC.
Summary, etc. Το παρόν βιβλίο παρέχει στο σπουδαστή μια ολοκληρωμένη εικόνα και πρακτικές πληροφορίες που αφορούν τις τελευταίες εξελίξεις στα όργανα, τα εργαλεία και την τεχνολογία στον τομέα της ψύξεως και του κλιματισμού. Εισαγωγή, Ψύξη, Εισαγωγή στην Ψύξη, Ψυκτικά Συστήματα και Κυκλώματα και Κατάσταση Αυτών, Εργαλεία και Υλικά της Ψύξης, Εργαλεία Ψύξης και Εξοπλισμός Ελέγχου, Υλικά και Εξαρτήματα της Ψύξης, Μετάδοση και Θερμοκρασία, Η Φύση και η Επίδραση της Θερμικής Ενέργειας στην Ψύξη, Βασικές Μέθοδοι Μεταφοράς Θεμότητας, Η Επίδραση της Αισθητής Θερμοκρασίας στο Ψυκτικό Μέσο, Λανθάνουσα Θερμότητα και Πίεση στην Ψύξη, Η Καρδιά του Ψυκτικού Συστήματος, Ο Συμπιεστής στα Μηχανικά Ψυκτικά Συστήματα, Εξατμιστές, Συμπυκνωτές, Συσκευές Ελέγχου των Ψυκτικών Μέσων, Ψυκτικά Μέσα και Αφυγραντήρες, Αρχές Πλήρωσης και Ελέγχου των Ψυκτικών Συστημάτων.
700 1# - ΠΡΟΣΘΕΤΗ ΑΝΑΓΡΑΦΗ--ΦΥΣΙΚΟ ΠΡΟΣΩΠΟ
Personal name Olivo Thomas C
9 (RLIN) 2997
700 1# - ΠΡΟΣΘΕΤΗ ΑΝΑΓΡΑΦΗ--ΦΥΣΙΚΟ ΠΡΟΣΩΠΟ
Personal name Παρίκος Γ
9 (RLIN) 2625
942 ## - ADDED ENTRY ELEMENTS (KOHA)
Koha item type Books
Holdings
Τύπος τεκμηρίου Βιβλιοθήκη Τρέχουσα τοποθεσία Barcode Αριθμός εισαγωγής Ημερομηνία απόκτησης Ταξιθετικό σύμβολο Αριθμός αντιτύπου Κατάσταση απόσυρσης Κατάσταση χαμένου Κατάσταση κατεστραμμένου Μη δανεισμός Σύνολο δανεισμών Ημερομηνία τελευταίας εμφάνισης Η τιμή ισχύει από
Books MC Athens Campus Library MC Athens Campus Library 9780000023544 5561 05/06/2025 621.56 OLI V.A 1           05/06/2025 05/06/2025

MC Athens Campus Library
Πατησίων 94 & Κοδριγκτώνος 13, 104 34
Πελλήνης 8 & Πατησίων 107, 112 51
Τ: +30 210 8899600

MC Thessaloniki Campus Library
Ίωνος Δραγούμη 21, 54625 | Ίωνος Δραγούμη 15, 54625
Τ: +30 2310 287779 – Τ: +30 2314 440300